Normal view
MARC view
- الفلسفة الاسلامية- الثقافة الاسلامية- الاسلام والمعرفة
Entry Topical Term
001 - CONTROL NUMBER
- control field: 52564
003 - CONTROL NUMBER IDENTIFIER
- control field: JO-AjAnu
005 - DATE AND TIME OF LATEST TRANSACTION
- control field: 20230606082635.0
008 - FIXED-LENGTH DATA ELEMENTS
- fixed length control field: 230606|| aca||aabn | a|a d
040 ## - CATALOGING SOURCE
- Original cataloging agency: JO-AjAnu
- Transcribing agency: JO-AjAnu
150 ## - HEADING--TOPICAL TERM
- Topical term or geographic name entry element: الفلسفة الاسلامية- الثقافة الاسلامية- الاسلام والمعرفة
670 ## - SOURCE DATA FOUND
- Source citation: Work cat.: (JO-AjAnu)26860: تحرير ملكاوي، فتحي حسن, author 52563, نحو نظام معرفي إسلامي: اعمال الحلقة الدراسية التي عقدت في عمان/ الاردن يومي 10-11 حزيران(يونيو) 1998م